The Phenomenon on the Look (Record no. 527324)

000 -CABECERA
Campo de control de longitud fija 00455nab a2200145Ia 4500
003 - IDENTIFICADOR DEL NÚMERO DE CONTROL
Campo de control ES-SlBCS
005 - FECHA Y HORA DE LA ÚLTIMA TRANSACCIÓN
Campo de control 20210601125244.0
008 - CÓDIGOS DE INFORMACIÓN DE LONGITUD FIJA
Campo de control de longitud fija 140529s1981 xxu||||| |||| 00| 0 eng d
041 ## - CÓDIGO DE LENGUA
Código de lengua del texto/banda sonora o título independiente eng
100 1# - PUNTO DE ACCESO PRINCIPAL-NOMBRE DE PERSONA
Nombre de persona Stack, George J.
9 (RLIN) 50154
245 04 - MENCIÓN DE TÍTULO
Título The Phenomenon on the Look
Mención de responsabilidad, etc. George J. Stack, Robert W. Plant
700 1# - PUNTO DE ACCESO ADICIONAL-NOMBRE DE PERSONA
Nombre de persona Plant, Robert W.
9 (RLIN) 156028
773 0# - ENLACE AL DOCUMENTO FUENTE
Título Philosophy and Phenomenological Research
Parte(s) relacionada(s) vol. 42, 1981, págs. 359-373
Número de control del registro relacionado Rev1411
942 ## - ENTRADA DE ELEMENTOS AGREGADOS (KOHA)
Koha [por defecto] tipo de item Artículos de revista
Holdings
Suprimido Perdido Estropeado No para préstamo Localización permanente Localización actual Localización en estantería Fecha adquisición Préstamos totales Fecha última consulta Fecha del precio de reemplazo Tipo de item de Koha
        San Esteban San Esteban Depósito de revistas 11/07/2014   11/07/2014 11/07/2014 Artículos de revista

Bibliotecas Dominicos Provincia Hispania, 2016

Con tecnología Koha